Clásicos para la vida. Una pequeña biblioteca ideal

שמור ב:
מידע ביבליוגרפי
מחבר ראשי: Ordine, Nuccio (autor)
מחברים אחרים: Bayod Brau, Jordi (traducción)
פורמט: ספר
שפה:ספרדית
יצא לאור: Barcelona, España. Acantilado, 2017
סדרה:El Acantilado
נושאים:
תגים: הוספת תג
אין תגיות, היה/י הראשונ/ה לתייג את הרשומה!

MARC

LEADER 00000cam a2200000 a 4500
001 UCB0115
003 CL-VaPUC
005 20221027135437.0
008 191213e20170000sp spa d
999 |c 167701  |d 167699 
020 |a 9788416748648 
040 |c Pontificia Universidad Católica de Valparaíso 
082 0 4 |a 808.8 ORD 2017  |2 21 
100 |a Ordine, Nuccio  |e autor  |9 222288 
245 1 0 |a Clásicos para la vida.  |b Una pequeña biblioteca ideal 
260 |a Barcelona, España.  |b Acantilado,  |c 2017 
300 |a 177 páginas  
440 |a El Acantilado  |n  356  |9 857600 
500 |a c.3 Donaciòn VRA N.Vàsquez 
583 |a last modification  |c 20191213 11:48:00  |k cmena 
650 0 7 |a Literatura universal  |2 CL-VaPUC  |9 420446 
650 0 0 |a Crítica e interpretación literaria  |9 266284 
650 0 0 |a Educación lingüística  |9 306506 
700 |a Bayod Brau, Jordi  |e traducción  |9 878044 
942 |c BK  |2 ddc 
945 |a cmena  |d 20191213 11:48:00 
952 |0 0  |1 0  |2 ddc  |3 erb  |4 0  |6 808_800000000000000_ORD_2017  |7 0  |8 A  |9 495714  |a BIBEDU  |b BIBEDU  |d 2019-11-22  |e 3  |g 13140.00  |i 5566436  |o 808.8 ORD 2017  |p 5566436  |r 2020-01-06  |v 13140.00  |w 2020-01-06  |y BK  |z Catalogado en:20191213  |k LIT 
952 |0 0  |1 0  |2 ddc  |4 0  |6 808_800000000000000_ORD_2017  |7 0  |8 A  |9 576953  |a BIBHIS  |b BIBHIS  |d 2020-11-19  |e 3  |g 11915.00  |i 5578094  |o 808.8 ORD 2017  |p 5578094  |r 2025-01-20  |t 2  |v 11915.00  |w 2020-11-19  |y BK  |k HIS 
952 |0 0  |1 0  |2 ddc  |4 0  |6 808_800000000000000_ORD_2017  |7 0  |8 A  |9 577776  |a BIBHIS  |b BIBHIS  |d 2021-05-18  |i 5620961  |l 2  |o 808.8 ORD 2017  |p 5620961  |r 2025-01-20  |s 2021-12-09  |t 3  |w 2021-05-18  |x Donacion V.R.A N.Vàsquez  |y BK  |k HIS